1088 1836 1937 1231 1270 1088 1404 1647 1867 1061 1777 1346 1000 1755 1035 1138 1236 1477 1708 1970 1978 1992 1195 1524 1961 1551 1043 1231 1594 1461 1428 1753 1574 1838 1940 1259 1865 1299 1890 1121 1409 1588 1569 1497 1805 1793 1557 1898 1776 1412 1543 1633 1922 1467 1755 1661 1260 1617 1067 1993 1071 1104 1331 1760 1738 1823 1843 1688 1387 1575 1743 1306 1485 1833 1036 1423 1611 1736 1529 1048 1667 1547 1326 1274 1390 1855 1086 1136 1083 1122 1796 1227 1073 1347 1458 1870 1266 1634 1652 BCNSPRNW ULIB Ver.6.0+V

เปลี่ยนเป็นภาษาไทย

Change to English
 แสดงรายละเอียดบรรณานุกรม
  กลับหน้าหลัก

Brief Record : Get Marc (ISO 2709) : E-mail record : QR code < ปิดหน้าต่าง
LEADER : 00000nam 2200000uu 4500
001    13399122214
003     ULIB
008    130114s2545||||th 000 0 tha d
020    9744461217
090    ^aนว^bพ187พ ล.1
098    ^aนว^bพ187พ ล.1
100 0  ^aพนมเทียน
245 10 ^aจิตรางคนางค์ เล่ม 1 (เพชรพระอุมา) /^cพนมเทียน
250    ^aพิมพ์รวมเล่มครั้งที่ 3
260    ^aกรุงเทพฯ :^bณ บ้านวรรณกรรม,^c2545
505 00 ^a ^gล.1-4^tไพรมหากาฬ --^gล.5-8^tดงมรณะ -- ^gล.9-12^tจอมผีดิบมันตรัย -- ^gล.13-16^tอาถรรพณ์นิทรานคร -- ^gล.17-20^tป่าโลกล้านปี -- ^gล.21-24^tแงซายจอมจักรา -- ^gล.25-28^tจอมพราน -- ^gล.29-32^tไอ้งาดำ -- ^gล.33-36^tจิตรางคนางค์-- ^gล.37-40^tนาคเทวี -- ^gล.41-44^tแด่ปางบรรพ์ -- ^g ล.45-48^tมงกุฎไพร
650  4 ^aนวนิยายไทย
945    ^p200^l0^i033401
995    ^aเกษร
999    ^aใช้งานได้ทุกระบบ
รายการนี้ยังไม่มีแท็ก
คุณยังไม่ได้ล็อกอิน คุณสามารถมีกิจกรรมร่วมกับเว็บไซต์ได้ แต่ต้องล็อกอินก่อน ::
  ล็อกอิน

รายการสื่อสารสนเทศ

ลำดับที่ ประเภท เลขเรียก/บาร์โค้ด สถานที่ สถานะ
1. นวนิยาย
นวนิยาย
นว พ187พ ล.1  
  Barcode: 033401
ห้องสมุดวิทยาเขตสวรรค์ประชารักษ์
►นวนิยาย
บนชั้น
  ขอยืม

รายการใกล้เคียง
    ผู้แต่ง [พนมเทียน]

    หัวเรื่อง [นวนิยายไทย]

BibComment


ยังไม่เคยถูกคอมเมนท์

คอมเมนท์ทรัพยากรรายการนี้
  คอมเมนท์: จิตรางคนางค์ เล่..


 Copyright 2026. Bcnsprnw @Library